Music Quiz

Random Music or Kpop Quiz
Score 0/7 Timer 02:00
2 Plays Today
% Correct
Dami
90.3%
SuA
88.2%
Gahyeon
80.9%
Yoohyeon
77.1%
Handong
72.4%
Siyeon
71%
JiU
70%

You're not logged in!

Compare scores with friends on all Sporcle quizzes.
OR
Log In

Sporcle TV

Today on Sporcle TV


Watch our educational content, quiz creation guides, and fun videos on Sporcle TV.

Show Comments

Extras

Top Quizzes Today


Score Distribution

Paid Content

Your Account Isn't Verified!

In order to create a playlist on Sporcle, you need to verify the email address you used during registration. Go to your Sporcle Settings to finish the process.

Report this User

Report this user for behavior that violates our Community Guidelines.

Details: